| 000 | 00753nam a2200265Ia 4500 | ||
|---|---|---|---|
| 001 | Z_1334 | ||
| 003 | CHAP | ||
| 008 | 220113s1983 xx 000 0 und d | ||
| 010 | _a164422 | ||
| 040 | _cCHAP | ||
| 090 | _aTesis T 310 | ||
| 100 |
_aTejos Maza, Rony _9112075 |
||
| 245 |
_aEfecto de niveles de carbohidratos no estructurales totales en el rebrote de Stylosanthes capitata Vog. / _cpor Rony Tejos Maza |
||
| 260 |
_aTurrialba, C.R. : _bEl autor, _c1983 |
||
| 300 | _a56 h. ; gráfs. | ||
| 502 | _aTesis (Magister Scientiae) -- CATIE | ||
| 650 |
_aCarbohidratos _xEfecto en plantas _918811 |
||
| 650 |
_aStylosanthes _9110124 |
||
| 901 | _aTESIS T 310 | ||
| 902 | _aM | ||
| 910 | _a1983 | ||
| 942 | _c2 | ||
| 942 | _c2 | ||
| 999 |
_c164422 _d164422 |
||